All ballon d'or winners - Statistics

General Stats
  • This quiz has been taken 40 times
  • The average score is 40 of 68
Answer Stats
Hint club Answer % Correct
2023 Inter Miami Messi
100%
2021 Psg Messi
100%
2019 Barcelona Messi
100%
2015 Barcelona Messi
100%
2012 Barcelona Messi
100%
2011 Barcelona Messi
100%
2010 Barcelona Messi
100%
2009 Barcelona Messi
100%
2017 Real Madrid Ronaldo
100%
2016 Real Madrid Ronaldo
100%
2014 Real Madrid Ronaldo
100%
2013 Real Madrid Ronaldo
100%
2008 Man United Ronaldo
100%
2002 Real Madrid Ronaldo
100%
1997 Inter Ronaldo
100%
2005 Barcelona Ronaldinho
97%
2022 Real Madrid Benzema
95%
2024 Man city Rodri
95%
2007 AC Milan Kaka
92%
2018 Real Madrid Modric
92%
1998 Juventus Zidane
82%
1963 Dynamo Moscow Yashin
79%
2006 Real Madrid Cannavaro
74%
1959 Real Madrid Di Stéfano
71%
1957 Real Madrid Di Stéfano
71%
2000 Real Madrid Figo
71%
2001 Liverpool Owen
71%
1985 Juventus Platini
71%
1984 Juventus Platini
71%
1983 Juventus Platini
71%
2003 Juventus Nedved
68%
1992 AC Milan van Basten
66%
1989 AC Milan van Basten
66%
1988 AC Milan van Basten
66%
2004 AC milan Shevchenko
63%
1976 Bayern Müchen Beckenbauer
61%
1972 Bayern Müchen Beckenbauer
61%
1965 Benfica Eusébio
61%
1999 Barcelona Rivaldo
55%
1966 Manchester United Charlton
47%
1987 AC Milan Gullit
47%
1970 Bayern Müchen Müller
47%
1995 AC Milan Weah
47%
1993 Juventus Baggio
45%
1968 Manchester United Best
42%
1996 Dortmund Sammer
37%
1979 Hamburg Keegan
34%
1978 Hamburg Keegan
34%
1956 Blackpool Matthews
32%
1994 Barcelona Stoichkov
32%
1991 Marseille Papin
29%
1960 Barcelona Suarez
29%
1964 Manchester United Law
24%
1982 Juventus Rossi
24%
1974 Barcelona Cruijf
18%
1973 Barcelona Cruijf
18%
1971 Ajax Cruijf
18%
1958 Real Madrid Kopa
18%
1990 Inter Matthëus
18%
1969 AC Milan Rivera
18%
1981 Bayern Müchen Rummenigge
18%
1980 Bayern Müchen Rummenigge
18%
1967 Ferencv rosi TC Albert
11%
1961 Juventus Sívori
8%
1986 Dynamo Kyiv Belanov
5%
1975 Dynamo Kyiv Blokhin
3%
1977 Mönchengladbach Simonsen
3%
1962 Dukla Prague Masopust
0%
No matching quizzes found
Score Distribution
Percent of People with Each Score
Percentile by Number Answered
Your Score History
You have not taken this quiz